| 000 | 00767nam a2200229Ii 4500 | ||
|---|---|---|---|
| 003 | JO-AjNU | ||
| 008 | 230605s9999||||xx |||||||||||||| ||und|| | ||
| 017 | _a2010/15320 | ||
| 020 | _a978-977-04-6490-9 | ||
| 040 |
_aJO-AjNU _bara _erda _cJO-AjNU |
||
| 041 | _aara | ||
| 050 | 1 | 4 | _aKMS210.A23.2010 |
| 100 | 3 |
_aالسيد، حسن بن عبدالرحيم, _eauthor _953109 |
|
| 245 | 0 | 0 | _aمجموعة الوثاق الدستورية لدولة قطر: تشريعات |
| 250 | _aط1 | ||
| 264 | 3 | 1 | _aالقاهرة : دار النهضة العربية ، 2010 |
| 300 | _a507ص | ||
| 336 |
_atext _btxt _2rdacontent |
||
| 337 |
_aunmediated _bn _2rdamedia |
||
| 338 |
_avolume _bnc _2rdacarrier |
||
| 650 | 4 |
_aالوثائق الدستورية -- قطر _953110 |
|
| 999 |
_aA23567 _c27135 _d27135 |
||